000 00686nam a22002057a 4500
999 _c16218
_d16218
003 AR-CdUCM
008 190502b ||||| |||| 00| 0 spa d
040 _aMUNICIPALIDAD PROVINCIAL DEL CUSCO
_cBIBLIOTECA MUNICIPAL DEL CUSCO
082 _a940.4 /
_bC61 / 1936
100 _aClemenceau, Georges
_935528
245 _aGrandezas y miserias de una victoria /
260 _aChile :
_bOhas,
_c1936.
300 _a283 páginas ;
_c20 cm.
505 _aContenido : Envio -- Entrada en materia -- La unidad de mando -- El camino de las damas ...
650 _aHistorias
_92725
650 _aLuchas
_96249
650 _aVictorias
_935529
942 _2ddc
_cLIBROS
945 _arah
_d02/05/2019